Strategic Management : In Small and Medium Enterprises. (Record no. 1941)

MARC details
005 - DATE AND TIME OF LATEST TRANSACTION
control field 20250505134306.0
020 ## - INTERNATIONAL STANDARD BOOK NUMBER
International Standard Book Number 1-86152-962-7
082 ## - DEWEY DECIMAL CLASSIFICATION NUMBER
Classification number 658.022 ANA
100 ## - MAIN ENTRY--PERSONAL NAME
Author name ANALOUI, F.
245 ## - TITLE STATEMENT
Title Strategic Management : In Small and Medium Enterprises.
260 ## - PUBLICATION, DISTRIBUTION, ETC.
Place of publication, distribution, etc. Australia,
Name of publisher, distributor, etc. Thomson,
Date of publication, distribution, etc. 2003.
300 ## - PHYSICAL DESCRIPTION
Extent Xiv,308p.: ill.; figure, table
Other physical details Index
Dimensions 24cm
700 ## - ADDED ENTRY--PERSONAL NAME
Other authors/Editors AZAHDAR, K.
942 ## - ADDED ENTRY ELEMENTS (KOHA)
Source of classification or shelving scheme Dewey Decimal Classification
Koha item type Books
Holdings
Date last seen Total checkouts Full call number Barcode Cost, replacement price Price effective from Koha item type Lost status Source of classification or shelving scheme Damaged status Not for loan Withdrawn status Home library Current library Shelving location Date acquired Cost, normal purchase price
05/05/2025   658.022 ANA 0000007502 135000.00 05/05/2025 Books   Dewey Decimal Classification       College of Business Education Main Library College of Business Education Main Library General Collection 06/03/2015 45000.00